000
00206 a2200097 4500
001
26542
100
_a
Green D C
245
_a
Transmission systems TEC
260
_a
_b
Pitman
_c
1978
090
_c
17839
_d
17839
942
_a
NUST-CAE
_c
M
_c
8712
999
_c
261615
_d
261615